000 00895cam a22003017a 4500
003 CHAP
005 20220329140305.0
008 971013s1967 r 00010 d
010 _a49837
011 _a50809
035 _a54959
040 _cCHAP
090 _aFolleto 1338
100 0 0 _aFeihl, O.
_939967
245 1 3 _aLe pin rouge de plantation, essence pour placages et contreplaqués
260 _aOttawa :
_bDirection Générale des Forets,
_c1967
300 _a15 p.
_b: ilus.
490 0 _aPublication: 1178F
590 _aBATCH-UPD
_b10
_c20130110
_lUCH01
_h0607
590 _aBATCH-UPD
_b10
_c20130110
_lUCH01
_h2302
590 _aCONVERSION
_b10
_c20130109
_lUCH01
_h1327
650 1 4 _aPinus resinosa.
_988363
700 0 _aGodin, V.
_948444
830 0 _aPublication: 1178F
_992802
901 _aBK
942 _cFOLL
949 _aFolleto 1338
_bBC
_cFOLL
_d-120932
_eTS1
_i54959
_si
999 _c49837
_d49837